000 00446pab a2200157 454500
008 180718b1987 xxu||||| |||| 00| 0 eng d
100 _aJha, Shikha
245 _aInflationary implications of resource mobilisation through administered price increases
260 _c1987
300 _a1394-1409
362 _a15 Aug.
650 _aPrice Policy - India
700 _aSudipto Mundle
773 _aEconomic and Political Weekly
909 _a16096
999 _c16096
_d16096